AFL St Kilda Saints Player Numbers - Statistics

General Stats
  • This quiz has been taken 20 times
  • The average score is 19 of 43
Answer Stats
Hint Answer % Correct
Nasiah Wanganeen-Milera 7
90%
Mitch Owens 10
80%
Cooper Sharman 43
80%
Bradley Hill 8
80%
Jack Higgins 1
70%
Marcus Windhager 2
70%
Jack Sinclair 35
70%
Liam Stocker 14
60%
Tom De Koning 21
60%
Jack Silvagni 3
60%
Callum Wilkie 44
60%
Sam Flanders 9
60%
Hunter Clark 11
50%
Max King 12
50%
Ryan Byrnes 13
50%
Rowan Marshall 19
50%
Dougal Howard 20
50%
Darcy Wilson 22
50%
Liam Ryan 31
50%
Hugo Garcia 34
50%
Max Hall 40
50%
Dan Butler 16
40%
Isaac Keeler 17
40%
Jack Carroll 18
40%
Mattaes Phillipou 25
40%
Alix Tauru 26
40%
Mason Wood 32
40%
Hugh Boxshall 38
40%
Anthony Caminit 47
40%
Tobie Travaglia 5
40%
Jack Macrae 6
40%
Paddy Dow 15
30%
Liam Henry 23
30%
Lance Collard 4
30%
Eamonn Armstrong 46
30%
Angus Hastie 24
20%
James Barrat 28
20%
Charlie Banfield 36
20%
Kobe McDonald 42
20%
Liam O'Connell 45
20%
Alex Doson 30
10%
Patrick Said 33
10%
Kye Fincher 37
10%
No matching quizzes found
Score Distribution
Percent of People with Each Score
Percentile by Number Answered
Your Score History
You have not taken this quiz